000 00562nam a22002057a 4500
003 OSt
005 20140310182947.0
008 130205t xxu||||| |||| 00| 0 eng d
020 _a9789712339874
050 _aDS 33
_b.Ir65 2005
082 _aFIL 950
_b
245 _aIntroduction to asia
_bhistory, culture, and civilization
_cIrapta, Angelina C.
260 _aManila
_bRex Book Store
_c2005
300 _aix, 219 p.
_bill.
_c23 cm
521 _aCollege students
526 _c1210L-1700L
541 _j1
562 _e1
942 _2lcc
_cBK
_kFIL
999 _c17832
_d17832